000
00428nam a2200145Ia 4500
008
100204s9999 xx 000 0 und d
082
_b
28388
100
_a
देशिंगकर वि. श्री.
245
_a
श्राध्दप्रयोग
250
_a
0
300
_a
145
630
_a
श्राध्दप्रयोग
730
_a
श्राध्दप्रयोग
942
_c
BOOK
999
_c
473554
_d
473551